Statistics for Disney Lyrics

Click here to take the quiz!

General Stats

  • This quiz has been taken 1,579 times
  • The average score is 10 of 15

Answer Stats

HintAnswer% Correct
When you wish upon a _____ makes no difference who you arestar
98%
The second star the ______right
95%
Everybody look left, everybody look _____right
95%
Can you paint with all the colours of the _____wind
89%
darling it's better down where it's ______ take it from mewetter
88%
It's the _____ of lifecircle
86%
No chance, no way, i won't say i'm in _______love
85%
Somebody my _______ will comeprince
79%
If i was a ____ man with a million or tworich
58%
Oh what i could be if there was only me oh what i'd do if i didn't have____you
53%
Just a little change ____ to say the leastsmall
47%
In dreams you will lose your _______heartache
42%
I don't know when, i don't know how but i know _____ starting right nowsomethings
32%
Looks like i got me a ______friend
25%
With a smile and a _____song
18%

Score Distribution

Percentile by Number Answered

Percent of People with Each Score

Your Score History

You have not taken this quiz